ARRUPE JESUIT UNIVERSITY

CORONAVIRUS -STOP THE SPREAD - CLEAN,DISINFECT,COVER

Ignatius of Antioch and the parting of the ways : (Record no. 118490)

MARC details
000 -LEADER
fixed length control field 01650cam a2200385 a 4500
001 - CONTROL NUMBER
control field 7461513
003 - CONTROL NUMBER IDENTIFIER
control field ARRUPE
005 - DATE AND TIME OF LATEST TRANSACTION
control field 20131104170652.0
008 - FIXED-LENGTH DATA ELEMENTS--GENERAL INFORMATION
fixed length control field 090303s2009 mau b 001 0 eng
010 ## - LIBRARY OF CONGRESS CONTROL NUMBER
LC control number 2009009160
020 ## - INTERNATIONAL STANDARD BOOK NUMBER
International Standard Book Number 9781598563238 (alk. paper)
020 ## - INTERNATIONAL STANDARD BOOK NUMBER
International Standard Book Number 1598563238 (alk. paper)
024 ## - OTHER STANDARD IDENTIFIER
Standard number or code 99937688685
035 ## - SYSTEM CONTROL NUMBER
System control number (OCoLC)314379093
035 ## - SYSTEM CONTROL NUMBER
System control number (OCoLC)ocn314379093
035 ## - SYSTEM CONTROL NUMBER
System control number (NNC)7461513
040 ## - CATALOGING SOURCE
Original cataloging agency DLC
Transcribing agency DLC
Modifying agency BTCTA
-- XBE
-- IMC
-- OrLoB-B
043 ## - GEOGRAPHIC AREA CODE
Geographic area code aw-----
050 00 - LIBRARY OF CONGRESS CALL NUMBER
Classification number BR1085.A58
Item number R63 2009
300 ## - PHYSICAL DESCRIPTION
Dimensions 23 cm.
100 1# - MAIN ENTRY--PERSONAL NAME
Personal name Robinson, Thomas A.
Fuller form of name (Thomas Arthur),
Dates associated with a name 1951-
9 (RLIN) 3134
245 10 - TITLE STATEMENT
Title Ignatius of Antioch and the parting of the ways :
Remainder of title early Jewish-Christian relations /
Statement of responsibility, etc by Thomas A. Robinson.
260 ## - PUBLICATION, DISTRIBUTION, ETC. (IMPRINT)
Place of publication, distribution, etc Peabody, Mass. :
Name of publisher, distributor, etc Hendrickson Publishers, Inc.,
Date of publication, distribution, etc 2009.
300 ## - PHYSICAL DESCRIPTION
Extent xiv, 285 p. ;
504 ## - BIBLIOGRAPHY, ETC. NOTE
Bibliography, etc Includes bibliographical references (p. [243]-265) and indexes.
505 00 - FORMATTED CONTENTS NOTE
Miscellaneous information Ch. 1.
Title Antioch : the city and its people --
Miscellaneous information Ch. 2.
Title Christian conversion in Antioch --
Miscellaneous information Ch. 3.
Title Ignatius in Antioch --
Miscellaneous information Ch. 4.
Title Religious and ethnic tensions in Antioch --
Miscellaneous information Ch. 5.
Title The "peace" in Antioch --
Miscellaneous information Ch. 6.
Title Boundaries, identity, and labels.
600 00 - SUBJECT ADDED ENTRY--PERSONAL NAME
Personal name Ignatius,
Titles and other words associated with a name Saint, Bishop of Antioch,
Dates associated with a name -approximately 110.
9 (RLIN) 3135
650 #0 - SUBJECT ADDED ENTRY--TOPICAL TERM
Topical term or geographic name as entry element Judaism (Christian theology)
General subdivision History of doctrines.
9 (RLIN) 3136
650 #0 - SUBJECT ADDED ENTRY--TOPICAL TERM
Topical term or geographic name as entry element Christianity and other religions
General subdivision Judaism.
9 (RLIN) 3137
650 #0 - SUBJECT ADDED ENTRY--TOPICAL TERM
Topical term or geographic name as entry element Judaism
General subdivision Relations
-- Christianity.
9 (RLIN) 3138
651 #0 - SUBJECT ADDED ENTRY--GEOGRAPHIC NAME
Geographic name Antioch (Turkey)
General subdivision Church history.
9 (RLIN) 3139
900 ## - EQUIVALENCE OR CROSS-REFERENCE-PERSONAL NAME [LOCAL, CANADA]
Numeration TOC
942 ## - ADDED ENTRY ELEMENTS (KOHA)
Source of classification or shelving scheme Library of Congress Classification
Koha item type Monograph ( Printed materials)
948 1# - LOCAL PROCESSING INFORMATION (OCLC); SERIES PART DESIGNATOR (RLIN)
Series part designator, SPT (RLIN) 20091111
b (OCLC) c
c (OCLC) sl13
d (OCLC) MPS
948 2# - LOCAL PROCESSING INFORMATION (OCLC); SERIES PART DESIGNATOR (RLIN)
Series part designator, SPT (RLIN) 20100608
b (OCLC) a
c (OCLC) jeb52
d (OCLC) MPS
Holdings
Withdrawn status Lost status Source of classification or shelving scheme Damaged status Not for loan Collection code Home library Current library Shelving location Date acquired Total Checkouts Full call number Barcode Date last seen Price effective from Koha item type
    Library of Congress Classification     Main Collection ARRUPE LIBRARY ARRUPE LIBRARY Main Collection 04/11/2013   BR1085.A58 R63 2009 46410542 15/11/2016 04/11/2013 Monograph ( Printed materials)

 

Arrupe Library. PO Box MP320 Mt Pleasant, Harare, Zimbabwe
263 242 745411|librarian@aju.ac.zw